NHL Hart Trophy Winners - Statistics

General Stats
  • This quiz has been taken 770 times
    278 since last reset
  • The average score is 52 of 100
Answer Stats
Season Answer % Correct
2016-17 | 2020-21 | 2022-23 Connor McDavid
98%
2013-14 Sidney Crosby
97%
2006-07 Sidney Crosby
96%
2007-08 | 2008-09 | 2012-13 Alexander Ovechkin
94%
1979-80 | 1980-81 | 1981-82 | +6 others Wayne Gretzky
93%
2023-24 Nathan MacKinnon
92%
2018-19 Nikita Kucherov
84%
1987-88 | 1992-93 | 1995-96 Mario Lemieux
83%
2019-20 Leon Draisaitl
82%
2015-16 Patrick Kane
80%
2021-22 Auston Matthews
76%
2011-12 Evgeni Malkin
76%
1998-99 Jaromir Jagr
75%
1951-52 | 1952-53 | 1956-57 | +3 others Gordie Howe
74%
1969-70 | 1970-71 | 1971-72 Bobby Orr
72%
1946-47 Maurice Richard
70%
1990-91 Brett Hull
65%
2014-15 Carey Price
65%
1989-90 | 1991-92 Mark Messier
65%
1964-65 | 1965-66 Bobby Hull
64%
1976-77 | 1977-78 Guy Lafleur
64%
2000-01 Joe Sakic
64%
2017-18 Taylor Hall
61%
2009-10 Henrik Sedin
59%
1968-69 | 1973-74 Phil Esposito
58%
2005-06 Joe Thornton
57%
1996-97 | 1997-98 Dominik Hasek
55%
2003-04 Martin St Louis
54%
2002-03 Peter Forsberg
54%
2010-11 Corey Perry
50%
1978-79 Bryan Trottier
48%
1972-73 | 1974-75 | 1975-76 Bobby Clarke
44%
1966-67 | 1967-68 Stan Mikita
42%
1955-56 | 1963-64 Jean Béliveau
41%
1993-94 Sergei Fedorov
39%
1994-95 Eric Lindros
38%
2001-02 Jose Theodore
38%
1999-00 Chris Pronger
37%
1927-28 | 1930-31 | 1931-32 Howie Morenz
30%
1961-62 Jacques Plante
25%
1938-39 Toe Blake
20%
1932-33 | 1934-35 | 1935-36 | 1937-38 Eddie Shore
19%
1960-61 Bernie Geoffrion
18%
1944-45 Elmer Lach
17%
1948-49 Sid Abel
16%
1950-51 Milt Schmidt
14%
1933-34 Aurele Joliat
13%
1954-55 Ted Kennedy
13%
1958-59 Andy Bathgate
11%
1945-46 Max Bentley
11%
1923-24 Frank Nighbor
10%
1941-42 Tommy Anderson
10%
1943-44 Babe Pratt
9%
1925-26 | 1929-30 Nels Stewart
9%
1953-54 Al Rollins
8%
1947-48 Buddy O'Connor
8%
1926-27 Herb Gardiner
8%
1936-37 Babe Siebert
7%
1940-41 | 1942-43 Bill Cowley
7%
1924-25 Billy Burch
7%
1949-50 Chuck Rayner
7%
1939-40 Ebbie Goodfellow
7%
1928-29 Roy Worters
7%
No matching quizzes found
Score Distribution
Percent of People with Each Score
Percentile by Number Answered
Your Score History
You have not taken this quiz since the last reset